000 00631nam a2200229 i 4500
003 DO-SdBNP
005 20260205125151.0
007 ta
008 260205b2013 dr ||||| |||| 00| 0 spa d
040 _aDO-SdBNP
_bspa
_cBNPHU
_erda
041 _aspa
082 4 _axxx
_bM533q
_222
245 0 0 _aMemorias :
_b15 aniversario
264 1 _aSanto Domingo. :
_bFundación Amigo del Teatro Nacional,
_c2013
300 _a39 páginas ;
_c29 cm.
336 _atexto
_btxt
_2rdacontent
337 _asin mediación
_bn
_2rdamedia
338 _avolumen
_bnc
_2rdacarrier
590 _aInventariado, 2026/DG
910 _aDG
942 _2ddc
_cLF2
999 _c60241
_d60241